[Event "CHN Nat Games qual tt 15th"]
[Site "Huairou District"]
[Date "2025.06.12"]
[Round "4.3"]
[White "Ding, Yixin"]
[Black "Zhao, Xue"]
[Result "1/2-1/2"]
[WhiteElo "2392"]
[BlackElo "2442"]
[PlyCount "109"]
[EventDate "2025.06.11"]
[EventType "team-swiss (rapid)"]
[EventRounds "7"]
[EventCountry "CHN"]
[SourceTitle "CB25_2025"]
[SourceDate "2025.06.18"]
[SourceVersion "1"]
[SourceVersionDate "2025.06.18"]
[SourceQuality "1"]
[WhiteTeam "Zhejiang Province"]
[BlackTeam "Beijing City"]
[WhiteTeamCountry "CHN"]
[BlackTeamCountry "CHN"]

1. e4 e5 2. Nf3 Nc6 3. Nc3 Nf6 4. d4 exd4 5. Nxd4 Bb4 6. Nxc6 bxc6 7. Bd3 0-0 8. 0-0 d5 9. exd5 cxd5 10. Bg5 c6 11. Qf3 Re8 12. Rae1 Be6 13. Re2 h6 14. Bh4 Bd6 15. h3 Rb8 16. Nd1 Rb4 17. Bxf6 Qxf6 18. Qxf6 gxf6 19. Rfe1 Reb8 20. b3 a5 21. Ne3 a4 22. Nf5 Bxf5 23. Bxf5 Be5 24. g3 c5 25. f4 Bd4+ 26. Kg2 axb3 27. axb3 c4 28. bxc4 dxc4 29. Re8+ Kg7 30. Rxb8 Rxb8 31. Re7 Kf8 32. Rc7 c3 33. Rc4 Rd8 34. Kf3 Kg7 35. Ke4 Bf2 36. Rxc3 Be1 37. Rb3 Rd2 38. c4 Bf2 39. Kf3 Bc5 40. Rb7 Rf2+ 41. Kg4 Re2 42. Rc7 Bb6 43. Rc6 Bg1 44. Kf3 Re1 45. Rc7 Bb6 46. Rb7 Bc5 47. Rb5 Ba7 48. Ra5 Bb6 49. Ra6 Bd4 50. Rd6 Bc5 51. Rc6 Bd4 52. Kg4 Bf2 53. Kf3 Bd4 54. Rd6 Bc5 55. Rc6 1/2-1/2

[Event "CHN Nat Games qual tt 15th"]
[Site "Huairou District"]
[Date "2025.06.12"]
[Round "5.3"]
[White "Zhao, Xue"]
[Black "Shen, Yang"]
[Result "1/2-1/2"]
[WhiteElo "2442"]
[BlackElo "2389"]
[PlyCount "35"]
[EventDate "2025.06.11"]
[EventType "team-swiss (rapid)"]
[EventRounds "7"]
[EventCountry "CHN"]
[SourceTitle "CB25_2025"]
[SourceDate "2025.06.18"]
[SourceVersion "1"]
[SourceVersionDate "2025.06.18"]
[SourceQuality "1"]
[WhiteTeam "Beijing City"]
[BlackTeam "Jiangsu Province"]
[WhiteTeamCountry "CHN"]
[BlackTeamCountry "CHN"]

1. d4 d5 2. c4 c6 3. Nc3 Nf6 4. Nf3 dxc4 5. a4 e6 6. e3 c5 7. Bxc4 Nc6 8. 0-0 Be7 9. Qe2 cxd4 10. Rd1 0-0 11. exd4 Nb4 12. Bf4 b6 13. Ne5 Bb7 14. Bg3 Nbd5 15. Bd3 Nb4 16. Bc4 Nbd5 17. Bd3 Nb4 18. Bc4 1/2-1/2

[Event "Wch Blitz (Women)"]
[Site "New York"]
[Date "2024.12.30"]
[Round "1"]
[White "Padmini, Rout"]
[Black "Zhao, Xue"]
[Result "0-1"]
[WhiteElo "2339"]
[BlackElo "2442"]
[PlyCount "84"]
[EventDate "2024.12.30"]
[EventType "swiss (blitz)"]
[EventRounds "11"]
[EventCountry "USA"]
[SourceTitle "CB01_2025"]
[SourceDate "2025.01.01"]
[SourceVersion "1"]
[SourceVersionDate "2025.01.01"]
[SourceQuality "1"]

1. Nf3 Nf6 2. g3 b5 3. Bg2 d5 4. 0-0 e6 5. d4 Nbd7 6. Bg5 c5 7. c3 h6 8. Bxf6 Nxf6 9. a4 b4 10. a5 bxc3 11. Nxc3 Be7 12. dxc5 Bxc5 13. b4 Bd6 14. Nd4 0-0 15. Qa4 Bd7 16. b5 Rc8 17. Nc6 Qc7 18. Rfc1 a6 19. Qb3 Qb7 20. Nd4 axb5 21. Ncxb5 Be5 22. a6 Rxc1+ 23. Rxc1 Qxa6 24. Qd3 Rb8 25. e3 Bxd4 26. Qxd4 Qxb5 27. h4 Qb2 28. Rc7 Qxd4 29. exd4 Rb4 30. Bf3 Rxd4 31. h5 e5 32. Be2 Rd2 33. Kf1 Bf5 34. Ke1 Rb2 35. Ra7 d4 36. f3 d3 37. Bd1 e4 38. g4 Be6 39. fxe4 Nxe4 40. Ra3 d2+ 41. Ke2 Bxg4+ 42. Ke3 Bxd1 0-1

[Event "Wch Blitz (Women)"]
[Site "New York"]
[Date "2024.12.30"]
[Round "9"]
[White "Sahithi Varshini, M."]
[Black "Zhao, Xue"]
[Result "0-1"]
[WhiteElo "2309"]
[BlackElo "2442"]
[PlyCount "54"]
[EventDate "2024.12.30"]
[EventType "swiss (blitz)"]
[EventRounds "11"]
[EventCountry "USA"]
[SourceTitle "CB01_2025"]
[SourceDate "2025.01.01"]
[SourceVersion "1"]
[SourceVersionDate "2025.01.01"]
[SourceQuality "1"]

1. e4 d5 2. exd5 Qxd5 3. Nc3 Qa5 4. d4 Nf6 5. Nf3 Bf5 6. Bc4 c6 7. Bd2 Nbd7 8. h3 Qc7 9. Bb3 e6 10. Nh4 Bg6 11. Qe2 0-0-0 12. a4 Bd6 13. a5 a6 14. Na4 Rhe8 15. Nxg6 hxg6 16. 0-0 Bh2+ 17. Kh1 Bf4 18. Nb6+ Kb8 19. Bb4 Bd6 20. Bc3 g5 21. Nc4 g4 22. Nxd6 Qxd6 23. Kg1 gxh3 24. g3 Nd5 25. Bd2 e5 26. c4 Nf4 27. gxf4 Qg6+ 0-1

[Event "Wch Blitz (Women)"]
[Site "New York"]
[Date "2024.12.30"]
[Round "6"]
[White "Zhao, Xue"]
[Black "Mungunzul, Bat Erdene"]
[Result "0-1"]
[WhiteElo "2442"]
[BlackElo "2268"]
[PlyCount "66"]
[EventDate "2024.12.30"]
[EventType "swiss (blitz)"]
[EventRounds "11"]
[EventCountry "USA"]
[SourceTitle "CB01_2025"]
[SourceDate "2025.01.01"]
[SourceVersion "1"]
[SourceVersionDate "2025.01.01"]
[SourceQuality "1"]

1. Nf3 d5 2. e3 Nf6 3. b3 g6 4. c4 Bg7 5. Bb2 0-0 6. Be2 b6 7. 0-0 Bb7 8. cxd5 Nxd5 9. Bxg7 Kxg7 10. Na3 Nd7 11. Nc4 N7f6 12. Qc2 c5 13. a3 Nc7 14. b4 Ne6 15. Rac1 Rc8 16. Qb2 Qd5 17. d3 Kg8 18. Rfd1 Rfd8 19. Ne1 Qd7 20. Ne5 Qd6 21. N1f3 Nd7 22. Nc4 Qd5 23. e4 Qc6 24. bxc5 Ndxc5 25. Bf1 Qa4 26. Nce5 Qb3 27. Qa1 Na4 28. Nc4 Nac5 29. Rb1 Qa4 30. Qb2 Ba6 31. Nce5 f6 32. Nc4 Bxc4 33. dxc4 Rxd1 0-1

[Event "Wch Rapid (Women)"]
[Site "New York"]
[Date "2024.12.28"]
[Round "9"]
[White "Krush, Irina"]
[Black "Zhao, Xue"]
[Result "0-1"]
[WhiteElo "2382"]
[BlackElo "2433"]
[PlyCount "80"]
[EventDate "2024.12.26"]
[EventType "swiss (rapid)"]
[EventRounds "11"]
[EventCountry "USA"]
[SourceTitle "CB01_2025"]
[SourceDate "2025.01.01"]
[SourceVersion "1"]
[SourceVersionDate "2025.01.01"]
[SourceQuality "1"]

1. d4 f5 2. g3 Nf6 3. Bg2 g6 4. Nf3 Bg7 5. c4 d6 6. 0-0 0-0 7. Nc3 c6 8. Qd3 Na6 9. a3 Qe8 10. Bf4 h6 11. e4 g5 12. Bd2 e5 13. dxe5 dxe5 14. Qd6 Nxe4 15. Nxe4 fxe4 16. Nxg5 Rf6 17. Qxf6 Bxf6 18. Nxe4 Bg7 19. Bxh6 Be6 20. Bxg7 Kxg7 21. c5 Qh5 22. b4 Nc7 23. h4 Bd5 24. Ng5 Re8 25. Rfe1 Qg4 26. Bh3 Qd4 27. Rad1 Qb2 28. Re3 Rf8 29. f3 Nb5 30. Rde1 Nd4 31. Rxe5 Nxf3+ 32. Nxf3 Rxf3 33. Rg5+ Kf6 34. Rf1 Qd4+ 35. Kh2 Rf2+ 36. Kg1 Rf5+ 37. Kh2 Qd2+ 38. Kg1 Qe3+ 39. Kh2 Rxf1 40. Bxf1 Qf2+ 0-1

[Event "Shenzhen Nanshan (Women)"]
[Site "Shenzhen"]
[Date "2024.11.18"]
[Round "3.2"]
[White "Zhao, Xue"]
[Black "Song, Yuxin"]
[Result "1/2-1/2"]
[WhiteElo "2426"]
[BlackElo "2313"]
[PlyCount "61"]
[EventDate "2024.11.16"]
[EventType "k.o."]
[EventRounds "3"]
[EventCountry "CHN"]
[SourceTitle "CB47_2024"]
[SourceDate "2024.11.20"]
[SourceVersion "1"]
[SourceVersionDate "2024.11.20"]
[SourceQuality "1"]

1. e4 c5 2. Nf3 Nc6 3. Bb5 d6 4. 0-0 Bd7 5. Re1 Nf6 6. c4 e6 7. Nc3 Be7 8. d4 cxd4 9. Nxd4 0-0 10. Nxc6 bxc6 11. Ba4 Qc7 12. Bg5 h6 13. Bh4 e5 14. c5 dxc5 15. Bb3 Rab8 16. Na4 Rb4 17. Bxf6 Bxf6 18. Nxc5 Rd4 19. Qc2 Bc8 20. Rad1 Rfd8 21. Rxd4 Rxd4 22. Rd1 Qd6 23. Rxd4 Qxd4 24. Qc4 Qxc4 25. Bxc4 Kf8 26. Nd3 Ke7 27. Kf1 Bd7 28. Ke2 Be8 29. g3 Kd6 30. Bb3 Bd8 31. Bc4 1/2-1/2

[Event "Shenzhen Nanshan (Women)"]
[Site "Shenzhen"]
[Date "2024.11.17"]
[Round "2.3"]
[White "Lu, Miaoyi"]
[Black "Zhao, Xue"]
[Result "0-1"]
[WhiteElo "2326"]
[BlackElo "2426"]
[PlyCount "122"]
[EventDate "2024.11.16"]
[EventType "k.o."]
[EventRounds "3"]
[EventCountry "CHN"]
[SourceTitle "CB47_2024"]
[SourceDate "2024.11.20"]
[SourceVersion "1"]
[SourceVersionDate "2024.11.20"]
[SourceQuality "1"]

1. e4 e5 2. Nf3 Nc6 3. Bb5 a6 4. Ba4 d6 5. 0-0 Bd7 6. c3 Nf6 7. Re1 g6 8. d4 Bg7 9. h3 0-0 10. Bc2 b5 11. Nbd2 Re8 12. Nf1 Na5 13. b3 c5 14. d5 Nh5 15. Bg5 Qc7 16. Ng3 Nf4 17. Ne2 h6 18. Bxf4 exf4 19. Qd2 Nb7 20. Qxf4 c4 21. b4 a5 22. a3 Ra6 23. Ned4 Rea8 24. Rac1 axb4 25. axb4 Ra3 26. Bb1 Re8 27. h4 h5 28. Re3 Be5 29. Qh6 Bg7 30. Qg5 Qd8 31. Qg3 Qe7 32. Ng5 Be5 33. f4 Rxc3 34. Rexc3 Bxd4+ 35. Kh1 Bxc3 36. Qxc3 Bg4 37. Re1 f6 38. Nf3 Bxf3 39. Qxf3 Kg7 40. g4 hxg4 41. Qxg4 Rh8 42. Rg1 Rh6 43. Kg2 Nd8 44. Kf3 Qa7 45. h5 Qa3+ 46. Kf2 Qb2+ 47. Kf3 Qc3+ 48. Kf2 Qd2+ 49. Kf3 Qc3+ 50. Ke2 Qb2+ 51. Ke3 Qc3+ 52. Kf2 Qd2+ 53. Kf1 Qb2 54. Qd7+ Nf7 55. hxg6 Qxb1+ 56. Kf2 Qc2+ 57. Kf1 Qd3+ 58. Ke1 Qxe4+ 59. Kd1 Qd4+ 60. Ke2 Rh2+ 61. Kf3 Qd3+ 0-1

[Event "CHN-chT Div A Finals"]
[Site "Nanjing"]
[Date "2023.12.12"]
[Round "10.4"]
[White "Zhao, Xue"]
[Black "Song, Yuxin"]
[Result "1/2-1/2"]
[WhiteElo "2450"]
[BlackElo "2397"]
[PlyCount "99"]
[EventDate "2023.12.02"]
[EventType "team-tourn"]
[EventRounds "10"]
[EventCountry "CHN"]
[SourceTitle "EXT 2025"]
[Source "ChessBase"]
[SourceDate "2024.10.14"]
[SourceVersion "1"]
[SourceVersionDate "2024.10.14"]
[SourceQuality "1"]
[WhiteTeam "Hangzhou Bank"]
[BlackTeam "Shenzhen Pengcheng"]
[WhiteTeamCountry "CHN"]
[BlackTeamCountry "CHN"]

1. d4 Nf6 2. c4 e6 3. Nf3 d5 4. Nc3 c5 5. cxd5 cxd4 6. Qxd4 exd5 7. Bg5 Be7 8. e3 0-0 9. Rd1 Be6 10. Bd3 h6 11. Bh4 Nc6 12. Qa4 Qb6 13. Rd2 Rfd8 14. 0-0 Rac8 15. Rc1 a6 16. Qd1 Ne4 17. Nxe4 dxe4 18. Bxe4 Rxd2 19. Qxd2 Bxh4 20. Nxh4 Rd8 21. Qe2 Bxa2 22. Bxc6 bxc6 23. Nf5 Be6 24. Nd4 Bd7 25. h3 Rb8 26. Rc2 c5 27. Nf3 Bb5 28. Qe1 Bd3 29. Rd2 Be4 30. Ne5 Qe6 31. Ng4 h5 32. Nh2 Qe5 33. Qe2 Rb6 34. Nf1 Bxg2 35. f4 Bxf1 36. Rd8+ Kh7 37. Qc2+ Rg6+ 38. Qxg6+ Kxg6 39. fxe5 Bxh3 40. Rd6+ Be6 41. Rxa6 Kf5 42. Rb6 c4 43. Rb8 Kxe5 44. Kf2 Ke4 45. Rd8 g5 46. Rg8 Kf5 47. Rh8 h4 48. Rd8 Ke4 49. Rd4+ Ke5 50. Rd8 1/2-1/2

[Event "CHN-chT DivA"]
[Site "Fuling"]
[Date "2023.06.13"]
[Round "8.2"]
[White "Yuan, Ye"]
[Black "Zhao, Xue"]
[Result "1/2-1/2"]
[WhiteElo "2194"]
[BlackElo "2469"]
[PlyCount "73"]
[EventDate "2023.06.05"]
[EventType "team-tourn"]
[EventRounds "11"]
[EventCountry "CHN"]
[SourceTitle "CBM 214 Extra"]
[Source "ChessBase"]
[SourceDate "2023.07.31"]
[SourceVersion "1"]
[SourceVersionDate "2023.07.31"]
[SourceQuality "1"]
[WhiteTeam "Jiangsu"]
[BlackTeam "Hangzhou Bank"]
[WhiteTeamCountry "CHN"]
[BlackTeamCountry "CHN"]

1. d4 d5 2. c4 e6 3. Nc3 Nf6 4. Nf3 Be7 5. Bf4 0-0 6. e3 b6 7. cxd5 exd5 8. Be2 Bb7 9. h3 c5 10. 0-0 Na6 11. dxc5 bxc5 12. Qa4 Qb6 13. Qb5 Rfc8 14. b3 Nb4 15. a3 Nc6 16. Rfd1 d4 17. Qxb6 axb6 18. exd4 cxd4 19. Nb5 Nd5 20. Bd2 Bf6 21. Bc4 Nc3 22. Bxc3 dxc3 23. Rd7 Nd8 24. Re1 h5 25. Nfd4 Ba6 26. Re8+ Kh7 27. Nxc3 Bxc4 28. bxc4 Bxd4 29. Rxd4 Rxa3 30. Nb5 Raa8 31. Nd6 Rc7 32. Rd5 g6 33. Nb5 Rcc8 34. Nd6 Rc7 35. Nb5 Rcc8 36. Nd6 Rc7 37. Nb5 1/2-1/2

[Event "China zt 3.5 (Women)"]
[Site "Shenzhen"]
[Date "2023.04.11"]
[Round "7"]
[White "Xiao, Yiyi"]
[Black "Zhao, Xue"]
[Result "1-0"]
[WhiteElo "2383"]
[BlackElo "2486"]
[PlyCount "103"]
[EventDate "2023.04.05"]
[EventType "swiss"]
[EventRounds "9"]
[EventCountry "CHN"]
[SourceTitle "CBM 213 Extra"]
[Source "ChessBase"]
[SourceDate "2023.05.31"]
[SourceVersion "1"]
[SourceVersionDate "2023.05.31"]
[SourceQuality "1"]

1. d4 Nf6 2. Bg5 g6 3. Bxf6 exf6 4. c4 Bg7 5. Nc3 0-0 6. e3 d6 7. g3 Nd7 8. Bg2 Rb8 9. Nge2 a6 10. a4 a5 11. Rb1 c6 12. b4 axb4 13. Rxb4 Ra8 14. 0-0 Qc7 15. Qd3 Re8 16. Rfb1 Ra6 17. Nf4 Bf8 18. h4 Kg7 19. Qc2 Qa5 20. Bf1 Be7 21. R4b3 Rb6 22. Rxb6 Nxb6 23. Bd3 Nd7 24. Rb3 Nf8 25. Qb2 Qc7 26. Ne4 f5 27. d5+ Kg8 28. Nf6+ Bxf6 29. Qxf6 Nd7 30. Qc3 Nc5 31. Ra3 Qe7 32. a5 Bd7 33. Bf1 Rc8 34. Bg2 Ra8 35. Qb4 Qd8 36. h5 g5 37. Ne2 Kg7 38. Qb2+ Qf6 39. Nd4 Ra6 40. Ra1 Kh6 41. dxc6 bxc6 42. Qb8 f4 43. Kh2 Bg4 44. Qf8+ Kxh5 45. f3 Bd7 46. Rd1 Rxa5 47. exf4 gxf4 48. Ne2 Ne6 49. Qxd6 Be8 50. Nxf4+ Kg5 51. Re1 Ng7 52. Qd2 1-0

[Event "China zt 3.5 (Women)"]
[Site "Shenzhen"]
[Date "2023.04.10"]
[Round "6"]
[White "Zhang, Xiao"]
[Black "Zhao, Xue"]
[Result "0-1"]
[WhiteElo "2074"]
[BlackElo "2486"]
[PlyCount "140"]
[EventDate "2023.04.05"]
[EventType "swiss"]
[EventRounds "9"]
[EventCountry "CHN"]
[SourceTitle "CBM 213 Extra"]
[Source "ChessBase"]
[SourceDate "2023.05.31"]
[SourceVersion "1"]
[SourceVersionDate "2023.05.31"]
[SourceQuality "1"]

1. d4 Nf6 2. c4 e6 3. g3 Bb4+ 4. Bd2 c5 5. Bxb4 cxb4 6. Nf3 0-0 7. Bg2 d6 8. 0-0 a5 9. a3 Na6 10. Nbd2 Re8 11. Qc2 e5 12. e3 h6 13. Nh4 Qc7 14. Ne4 Nxe4 15. Bxe4 Be6 16. Rfc1 Rac8 17. d5 Bd7 18. axb4 axb4 19. Bh7+ Kh8 20. Bf5 Nc5 21. b3 Ra8 22. Bxd7 Qxd7 23. e4 g6 24. Rcb1 Kg7 25. f3 Qc7 26. Ng2 Qb6 27. Kf1 Ra5 28. Rxa5 Qxa5 29. Ne1 Ra8 30. Nd3 Nxd3 31. Qxd3 Qa2 32. Kg1 b5 33. Rc1 Qb2 34. Rb1 Qa2 35. Rc1 bxc4 36. Qxc4 Qd2 37. Qc2 Qe3+ 38. Kg2 Ra5 39. Rd1 Rc5 40. Qd3 Qxd3 41. Rxd3 Rc2+ 42. Kf1 Rxh2 43. f4 Kf6 44. Rf3 exf4 45. gxf4 Rd2 46. Ke1 Rd4 47. Re3 g5 48. e5+ Ke7 49. fxg5 hxg5 50. Ke2 Rxd5 51. exd6+ Kxd6 52. Kf2 f5 53. Re8 Rd2+ 54. Ke3 Rb2 55. Rf8 Ke5 56. Re8+ Kf6 57. Rf8+ Kg6 58. Rg8+ Kh5 59. Kd4 Re2 60. Kc4 Re4+ 61. Kd5 Kg4 62. Rh8 Kf4 63. Rh1 g4 64. Rf1+ Kg5 65. Rg1 Re3 66. Kc4 f4 67. Kxb4 f3 68. Kc4 f2 69. Rf1 g3 70. Kd4 Re1 0-1

[Event "Online Olym Div Top-B"]
[Site "Chess.com INT"]
[Date "2021.09.10"]
[Round "7.4"]
[White "Wafa, Shahenda"]
[Black "Zhao, Xue"]
[Result "0-1"]
[WhiteElo "2120"]
[BlackElo "2486"]
[PlyCount "60"]
[EventDate "2021.09.08"]
[EventType "team (rapid)"]
[EventRounds "9"]
[EventCountry "USA"]
[SourceTitle "CBM 204 Extra"]
[Source "ChessBase"]
[SourceDate "2021.11.30"]
[SourceVersion "1"]
[SourceVersionDate "2021.11.30"]
[SourceQuality "1"]
[WhiteTeam "Egypt"]
[BlackTeam "China Shenzhen"]
[WhiteTeamCountry "EGY"]
[BlackTeamCountry "CHN"]

1. e4 c6 2. d4 d5 3. Nc3 dxe4 4. Nxe4 Nf6 5. Nxf6+ exf6 6. c3 Bd6 7. Bd3 0-0 8. Qc2 h6 9. Ne2 Qc7 10. Be3 Nd7 11. 0-0-0 b5 12. g4 Nb6 13. h4 Bxg4 14. Rhg1 h5 15. Bf5 Bh2 16. Bxg4 Bxg1 17. Rxg1 hxg4 18. Rxg4 Qd7 19. Rg1 Kh8 20. Nf4 Nd5 21. Nh5 Rg8 22. Qe4 g6 23. Nxf6 Nxf6 24. Qf4 Nh7 25. Qh6 Rae8 26. d5 Rxe3 27. fxe3 Qxd5 28. Qf4 Qxa2 29. Qd4+ f6 30. Rg2 Qa1+ 0-1

[Event "Online Olym Div Top-B"]
[Site "Chess.com INT"]
[Date "2021.09.09"]
[Round "5.3"]
[White "Gitu, Paula Alexandra"]
[Black "Zhao, Xue"]
[Result "0-1"]
[WhiteElo "2113"]
[BlackElo "2486"]
[PlyCount "106"]
[EventDate "2021.09.08"]
[EventType "team (rapid)"]
[EventRounds "9"]
[EventCountry "USA"]
[SourceTitle "CBM 204 Extra"]
[Source "ChessBase"]
[SourceDate "2021.11.30"]
[SourceVersion "1"]
[SourceVersionDate "2021.11.30"]
[SourceQuality "1"]
[WhiteTeam "Moldova"]
[BlackTeam "China Shenzhen"]
[WhiteTeamCountry "MDA"]
[BlackTeamCountry "CHN"]

1. e4 e6 2. d4 d5 3. Nd2 c5 4. exd5 Qxd5 5. Ngf3 cxd4 6. Bc4 Qd6 7. Nb3 Nc6 8. 0-0 Nf6 9. Nbxd4 Nxd4 10. Qxd4 Qxd4 11. Nxd4 a6 12. Be2 e5 13. Nb3 Bf5 14. c3 0-0-0 15. Bg5 Be7 16. Bc4 Bg6 17. Rfe1 Bd6 18. Rad1 Bc7 19. h3 h6 20. Bh4 Rxd1 21. Rxd1 Ne4 22. f3 Nd6 23. Bd5 Nf5 24. Bf2 Ne7 25. Bc4 Rd8 26. Rxd8+ Bxd8 27. Kf1 Kd7 28. Ke2 Kc6 29. g3 Nc8 30. Bd3 Bxd3+ 31. Kxd3 Nd6 32. Nd2 f5 33. a4 Bf6 34. c4 e4+ 35. fxe4 Bxb2 36. exf5 Nxf5 37. g4 Nd6 38. Bd4 Bxd4 39. Kxd4 Nf7 40. Nf3 Kb6 41. Kd5 Ka5 42. Kc5 Kxa4 43. Kb6 Kb4 44. Kxb7 a5 45. Kb6 a4 46. c5 a3 47. Nd4 a2 48. Nc2+ Kc3 49. Na1 Kb2 50. c6 Kxa1 51. c7 Nd6 52. Kc6 Nc8 53. Kd7 Na7 0-1

[Event "Online Olym Div2 A"]
[Site "Chess.com INT"]
[Date "2021.09.04"]
[Round "9.4"]
[White "Zhao, Xue"]
[Black "Ryjanova, Julia"]
[Result "1-0"]
[WhiteElo "2486"]
[BlackElo "2296"]
[PlyCount "103"]
[EventDate "2021.09.02"]
[EventType "team (rapid)"]
[EventRounds "9"]
[EventCountry "USA"]
[SourceTitle "CBM 204 Extra"]
[Source "ChessBase"]
[SourceDate "2021.11.30"]
[SourceVersion "1"]
[SourceVersionDate "2021.11.30"]
[SourceQuality "1"]
[WhiteTeam "Shenzhen China"]
[BlackTeam "Australia"]
[WhiteTeamCountry "CHN"]
[BlackTeamCountry "AUS"]

1. e4 c6 2. d4 d5 3. e5 Bf5 4. Nf3 e6 5. Be2 Nd7 6. 0-0 h6 7. Nbd2 Ne7 8. a4 a5 9. c4 dxc4 10. Nxc4 Nd5 11. Bd3 Bxd3 12. Qxd3 Be7 13. Nfd2 N7b6 14. Qg3 0-0 15. b3 Kh7 16. Ne4 f5 17. exf6 Nxf6 18. Qd3 Kh8 19. Ne5 Kg8 20. Ng6 Re8 21. Nxe7+ Qxe7 22. Ba3 Qd8 23. Nc5 Rb8 24. Rfe1 Kf7 25. Re2 Nbd5 26. Qf3 b6 27. Nd3 Kg8 28. Rc1 Rc8 29. Rec2 Ne7 30. Bxe7 Rxe7 31. Ne5 Rec7 32. Rxc6 Rxc6 33. Rxc6 Rxc6 34. Qxc6 Qxd4 35. Qxe6+ Kh8 36. g3 Ne4 37. Nf7+ Kh7 38. Qf5+ Kg8 39. Kg2 Nd2 40. Qe6 Kh7 41. Nd6 Qd3 42. g4 Nxb3 43. Ne4 Kh8 44. Qe8+ Kh7 45. g5 hxg5 46. Qh5+ Kg8 47. Qe8+ Kh7 48. Nxg5+ Kh6 49. Nf7+ Kh7 50. Qh8+ Kg6 51. Ne5+ Kf5 52. Nxd3 1-0

[Event "Online Olym Div2 A"]
[Site "Chess.com INT"]
[Date "2021.09.02"]
[Round "1.3"]
[White "Mouradian, Knarik Jacob"]
[Black "Zhao, Xue"]
[Result "0-1"]
[WhiteElo "2121"]
[BlackElo "2486"]
[PlyCount "82"]
[EventDate "2021.09.02"]
[EventType "team (rapid)"]
[EventRounds "9"]
[EventCountry "USA"]
[SourceTitle "CBM 204 Extra"]
[Source "ChessBase"]
[SourceDate "2021.11.30"]
[SourceVersion "1"]
[SourceVersionDate "2021.11.30"]
[SourceQuality "1"]
[WhiteTeam "Lebanon"]
[BlackTeam "Shenzhen China"]
[WhiteTeamCountry "LBN"]
[BlackTeamCountry "CHN"]

1. e4 e6 2. d3 d5 3. Nd2 c5 4. Ngf3 Nc6 5. g3 Nf6 6. Bg2 Be7 7. 0-0 0-0 8. e5 Nd7 9. Re1 Qc7 10. Qe2 b5 11. Nf1 Nd4 12. Nxd4 cxd4 13. Bf4 Bb4 14. Bxd5 exd5 15. e6 Qc6 16. exd7 Bxd7 17. Rec1 Rfe8 18. Qf3 Rac8 19. h4 a5 20. h5 h6 21. a3 Bf8 22. Nd2 a4 23. b3 Qe6 24. bxa4 bxa4 25. Re1 Qxe1+ 26. Rxe1 Rxe1+ 27. Kg2 Rxc2 28. g4 Rcc1 29. Nf1 Rxf1 30. Bxc1 Rxc1 31. Qf4 Bxa3 32. g5 hxg5 33. Qxg5 Rc8 34. h6 Bf8 35. Kg3 Rc6 36. Qxd5 Rg6+ 37. Kf4 Be6 38. h7+ Kxh7 39. Qa5 a3 40. Qa8 a2 41. Ke4 Rg1 0-1